[Event "Sigeman & Co 15th"]
[Site "Malmo"]
[Date "2007.04.21"]
[Round "4"]
[White "Berg, Emanuel"]
[Black "Kotronias, Vasilios"]
[Result "1-0"]
[WhiteElo "2574"]
[BlackElo "2570"]
[Annotator "Berg,E"]
[PlyCount "71"]
[EventDate "2007.04.18"]
[EventType "tourn"]
[EventRounds "9"]
[EventCountry "SWE"]
[EventCategory "13"]
[SourceTitle "CBM 118"]
[Source "ChessBase"]
[SourceDate "2007.05.31"]
[SourceVersion "1"]
[SourceVersionDate "2007.05.31"]
[SourceQuality "1"]

1. e4 c5 2. Nf3 Nc6 3. d4 cxd4 4. Nxd4 Nf6 5. Nc3 d6 6. Bg5 e6 7. Qd2 Be7 8.
O-O-O O-O 9. f4 ({My first encounter with Kotronias in the European
Championship 2006 went} 9. f3 Nxd4 10. Qxd4 a6 11. h4 Qc7 12. Kb1 b5 13. Qd2 b4
$1 14. Ne2 Rb8 15. g4 Rd8 16. Nd4 e5 17. Nf5 Bxf5 18. exf5 d5 {1/2-1/2 Berg,E 
(2539)-Kotronias,V (2598)/Kusadasi 2006/[Berg,Emanuel] (52). and I didn't get
much out of the opening.}) 9... Nxd4 10. Qxd4 Qa5 11. Bc4 ({The game
Cheparinov-Kotronias, Sigeman Chess Tournamnent 2007 went} 11. e5 dxe5 12. Qxe5
{when Black came up with the interesting novelty} b5 $5 $146 {and the game
soon ended up in mess after} 13. Rd3 Ng4 (13... h6 $5 14. Bxh6 (14. Bh4) 14...
gxh6 15. Rg3+ (15. Rh3 Ng4 $1 16. Qh5 (16. Rg3 f5 17. h3 Bf6 18. Qe1 b4 $132)
16... f5 17. Qg6+ Kh8 18. Rxh6+ $11) 15... Kh8 16. Rh3 Rg8) 14. Qe4 f6 $5 {
An interesting move, but this also gives Black a lot of weaknesses around his
king.} (14... Bxg5 15. fxg5 Nf2 16. Qxa8 b4 17. Nd1 Nxh1 {was an interesting
alternative.}) 15. Rh3 g6 16. Qxa8 fxg5 {with an interesting battle then
finally after having turned both ways ended with a win for White.}) 11... Bd7
12. e5 dxe5 13. fxe5 (13. Qxe5 {is an interesting sideline.}) 13... Bc6 14. Bd2
Nd7 15. Nd5 Qd8 16. Nxe7+ Qxe7 17. Rhe1 Rfc8 ({Black can also play the older
move} 17... Rfd8 18. Qg4 Nf8 {with the idea} 19. Bd3 Rxd3 20. cxd3 Qd7 {
with compensation for the sacrificed exchange.}) 18. Qg4 Nf8 {Black protects
himself against Bh6 which can now be met by ...Ng6.} 19. h4 {White starts
pushing the h-pawn with the idea of playing h5-h6 to create weaknesses around
the black king.} ({After} 19. Bd3 Ng6 {h4 is prevented and it's hard for White
to continue. The game Berkes,F (2614)-Kotronias,V (2608)/Aghia Pelagia 2004/
CBM 101 ext, continued} 20. Bb4 Qh4 21. Qxh4 Nxh4 22. g3 a5 23. Ba3 Nf3 24. Re2
h5 25. Rf1 b6 {with Black having a very solid position. However, White
probably has a slight edge because of the pair of bishops.}) 19... Qc5 20. Bc3
$5 $146 {Overprotecting the e5-pawn in order to meet ...Ng6 with h5. By
blocking the c-file White also escapes from any possible threats on c2.
However the Bishop on c4 is a bit loose right now which gives Black some extra
opportunities.} ({In 1-0 Grischuk,A (2719)-Kotronias,V (2607)/Tripoli 2004/CBM
102, there followed} 20. Bd3 Ng6 21. Bc3 Qf2 22. Bxg6 hxg6 23. Re2 Qf5 24. Qg3
Qh5 25. Red2 {1-0 Grischuk,A (2719)-Kotronias,V (2607)/Tripoli 2004/CBM 102 
(54) with a slightly better position for White.}) 20... Bb5 ({After} 20... Bf3
21. gxf3 Qxc4 22. Re4 {White is clearly better. Now the a2-pawn is poisoned as
Ra4 will trap the black queen.}) (20... h5 $5 {was an interesting alternative.
After} 21. Qe2 b5 22. Bd3 b4 23. Bd4 Qd5 {Black is much quicker with his
counterplay than in the game.}) 21. Bd3 $1 {Naturally White would like to keep
his pair of bishops and so it's better to let Black exchange helping White's
rook to the third rank. After} (21. Bxb5 Qxb5 22. Rd3 {the c-file is opened,
which makes an important difference as Black can go} Rc4 $1) 21... Qb6 {
Black opens th c-file and tries to force White to exchange on b5 as now the
exchange sacrifice on c3 start to look a bit scary.} ({After} 21... Bxd3 22.
Rxd3 Qc4 $2 {there is once again} 23. Re4 $1 Qxa2 24. Ra4 {trapping the queen.}
) 22. a4 $1 {Excellent timing. By advancing with this pawn White takes terrain
on the queenside. At the same time he forces Black to exchange the bishops in
a way favourable to White.} Bxd3 23. Rxd3 Qa6 {Black prepares to play ...Rc4
and also possibly ...b5.} ({In th event of} 23... Ng6 {trying to activate the
knight White will be clearly better after} 24. h5 Ne7 25. Qg5 Nd5 ({No better
is} 25... Nf5 26. g4 Nh6 {Black is holding on for the moment, but his knight
is very sadly placed on h6 and White has a superior position. A good start
would be to play Red1 taking control over the open d-file and White has
everything in his hands.} (26... h6 {is well met by} 27. Qf4 Ne7 28. Rf1 $1 Rf8
29. g5 Nf5 30. gxh6 Nxh6 (30... gxh6 $4 31. Qg4+ Kh8 32. Rxf5 $18) 31. Rg3 $16
{and the attack continues.})) 26. h6 g6 27. Rxd5 $1 exd5 28. e6 Qf2 29. e7 $1 (
29. exf7+ Qxf7 30. Qe5 Rxc3 31. Qxc3 Rd8 (31... Qf4+ 32. Kb1 Qxh6 33. Re7 Qf8
34. Qe5 $16) 32. Qd4 $36) 29... Qf5 30. Qxf5 gxf5 31. Bf6 $1 Re8 32. Re3 f4 33.
Re5 $18) 24. Re4 $1 {Preventing ...Rc4 and at the same time overprotecting a4
making the b5-thrust less useful.} Rd8 {Black doesnät have much to do on the
c-file and so he tries to create counterplay on the open d-file.} 25. Rg3 g6
26. h5 {Now White is about to play h6 and transfer his queen to f6 with deadly
threats. Therefore Black needs to act quickly.} Rd5 {Preparing for ...Rad8.
After} (26... Qf1+ 27. Re1 Qf5 28. Qh4 Rac8 29. Rh1 $1 ({Not} 29. Rg5 $2 Rc4 $1
(29... Rd4 30. Rxg6+ Nxg6 31. Qxd4 Qxh5 32. Kb1 $14) 30. Rxg6+ hxg6 31. Qxc4
gxh5 32. a5 $14 {and White is just slightly better.}) 29... Rd5 30. hxg6 fxg6
31. Rf3 Qh5 32. Qxh5 gxh5 33. Rxh5 $16 {with a clear advantage to White.}) 27.
Qf4 $1 {Stops Black's plans of playing ...Qf1+ and also prepares for the mate
with h6 and Qf6.} Rad8 28. b3 $1 ({Of course not} 28. Re1 $2 Qe2 $1 {givng
Black a lot of counterplay.}) 28... Rd1+ 29. Kb2 Rh1 {Black threatens both the
h5-pawn and to exchange queens with ...Qf1.} ({After} 29... Rf1 30. Rf3 Rxf3
31. gxf3 $18 {White is simply winning. h6 will follow next and even though
Black can prevent the mate with ...Nd7 it will not hold for long.}) ({in case
of} 29... Qf1 30. Rf3 Rb1+ 31. Ka2 Qc1 32. Qxf7+ Kh8 {White doesn't have
anything immediate but he can simply defend himself first with} 33. Rf2 $1 $18
{with a totally won position.}) 30. Rf3 $1 {Threatens f7 and prevents ...Qf1.}
Rd7 31. h6 {White is winning. Black lacks counterplay and now its just a
mattter of time.} Qb6 32. Rd4 $1 {Takes away Blacks last hopes of counterplay
with ...Qg1. At the same time it threatens Rxd7 and the the f7-pawn is hanging.
} Qc7 33. Rxd7 (33. Qf6 Rxh6 34. Bb4 Rxd4 35. Bxf8 Kxf8 36. Qh8+ Ke7 37. Qg7
$18 {is winning as well.}) 33... Qxd7 34. Rd3 Qc7 {Black is hoping to be able
to play f7-f5.} 35. Qf6 $1 Rxh6 36. Bb4 {Black resigned in view of the
variation} (36. Bb4 Nd7 37. Qe7 Qxe5+ 38. Bc3) 1-0

[Event "WchT 3rd"]
[Site "Luzern"]
[Date "1993.??.??"]
[Round "9.1"]
[White "Shirov, Alexei"]
[Black "Kramnik, Vladimir"]
[Result "1-0"]
[WhiteElo "2685"]
[BlackElo "2710"]
[Annotator "Boensch,U"]
[PlyCount "107"]
[EventDate "1993.10.24"]
[EventType "team-tourn"]
[EventRounds "9"]
[EventCountry "SUI"]
[SourceTitle "CBM 038"]
[Source "ChessBase"]
[SourceDate "1994.02.01"]
[SourceVersion "1"]
[SourceVersionDate "1994.02.01"]
[SourceQuality "1"]
[WhiteTeam "Latvia"]
[BlackTeam "Russia"]
[WhiteTeamCountry "LAT"]
[BlackTeamCountry "RUS"]

1. e4 {Ernst Kortschnoj} c5 2. Nf3 Nc6 3. d4 cxd4 4. Nxd4 Nf6 5. Nc3 d6 6. Bg5
e6 7. Qd2 Be7 8. O-O-O O-O 9. f4 Nxd4 10. Qxd4 Qa5 11. Bc4 Bd7 12. Rd3 $5 (12.
e5) (12. e5 {Kortschnoj} dxe5 13. fxe5 Bc6 14. Bd2 Nd7 15. Nd5 Qc5 (15... Qd8 {
Ernst} 16. Nxe7+ Qxe7 $14) 16. Nxe7+ Qxe7 $14) 12... e5 (12... b5 13. Rg3 bxc4
(13... Kh8 {Kortschnoj} 14. e5 Ng8 15. exd6 $18) 14. Bxf6 Bxf6 15. Qxf6 g6 16.
Rd1 Bc6 17. Qd4 (17. Rxd6 Bxe4 18. Rg5 (18. Nxe4 Qe1+ 19. Rd1 Qxe4 $10) 18...
Qb4 19. Qd4 Rab8 $1 $15) 17... Rac8 18. Rg5 d5 19. exd5 Bxd5 $10 {Shabalov,
A-Inkiov,V Gausdal Troll Masters (5) 1991 24}) (12... Bc6 $5 {Kortschnoj}) 13.
Qe3 (13. Qg1 Be6 14. Bb3 exf4 15. Bxf4 Bxb3 16. cxb3 Rfe8 17. g4 Bf8 18. Bd2
Qe5 $17 {Lanka,Z-Kotronias,V Gausdal International (5) 1991 0-1 40}) 13... Rac8
(13... Ng4 $5) 14. Bb3 Be6 (14... Bc6 {Kortschnoj} 15. Rf1 $14) 15. Bxe6 exf4 (
15... fxe6 {Kortschnoj} 16. Qh3 $16) 16. Bxf4 (16. Bxf7+ $2 Rxf7 17. Bxf4 Ng4
18. Qg3 Rxf4 19. Qxf4 (19. Rd5 Bg5 20. Kb1 Qd8 $19) 19... Bg5 $19) 16... fxe6
17. Qh3 $1 $16 (17. Bxd6 Rxc3 18. Bxe7 (18. bxc3 $2 Bxd6 19. Rxd6 Qa3+ $19)
18... Ng4 $13) 17... Kf7 (17... e5 $2 {Ernst} 18. Qe6+ $18) 18. Kb1 (18. Bxd6
$2 Rxc3 $19) 18... Qc5 19. g4 h6 20. Be3 Qe5 21. Bd4 Qg5 22. Rg1 Nd7 23. Be3
Qg6 24. g5 $1 $40 hxg5 (24... h5 $5 {Kortschnoj}) 25. Bxg5 $3 Bxg5 26. Rxd6 Nc5
(26... Ke7 27. Rxg5 Qxg5 (27... Qf6 28. Nd5+ $18 (28. Qg3 $16 {Kortschnoj})) (
27... Qh6 28. Rxg7+ Kxd6 (28... Ke8 29. Rdxd7 $18) 29. Qd3+ Ke5 30. Rxd7 $18)
28. Qxe6+ Kd8 29. Rxd7#) 27. Qg4 Kg8 (27... Ke7 28. Rdd1 Rcd8 29. h4 $16) 28.
h4 (28. Qxg5 $2 {Ernst} Qxg5 29. Rxg5 Nxe4 $3 $19) 28... Rf4 29. Qxg5 Qxg5 30.
hxg5 Rcf8 (30... Nxe4 31. Nxe4 Rxe4 32. g6 $16 (32. Rd7 {Ernst} Re2 33. c3 $16)
) 31. b4 Nxe4 32. Nxe4 Rxe4 33. a3 Kh7 (33... a5 $5 {Ernst}) 34. Rd7 Kg6 35.
Rxb7 $18 a5 36. Kb2 Rf5 (36... Rf3 $5 {Kortschnoj}) 37. Kb3 Re3+ 38. Ka4 Rff3
39. Kxa5 Rxa3+ 40. Kb6 Rac3 41. Re1 Kxg5 (41... Rxc2 42. Rxe6+ Kxg5 (42... Kf5
$16 {Kortschnoj}) 43. Rxg7+ Kf5 44. Rf7+ Kxe6 45. Rxf3 $18) 42. Rxg7+ Kf6 43.
Rc7 e5 44. b5 Rxc7 45. Kxc7 Ke6 46. Re2 Rc3+ 47. Kb8 Rc4 48. b6 e4 49. b7 Kd5
50. Rh2 e3 51. Ka7 Ra4+ 52. Kb6 Rb4+ 53. Kc7 Rc4+ 54. Kd7 (54. Kd7 Rb4 55. Rh5+
Kc4 (55... Kd4 {Kortschnoj} 56. Rh4+ $18) 56. Rh4+ Kc3 57. Rxb4 $18) 1-0

[Event "Dos Hermanas"]
[Site "Dos Hermanas"]
[Date "1995.??.??"]
[Round "2"]
[White "Illescas Cordoba, Miguel"]
[Black "Shirov, Alexei"]
[Result "1/2-1/2"]
[WhiteElo "2595"]
[BlackElo "2710"]
[Annotator "Boensch,U"]
[PlyCount "45"]
[EventDate "1995.04.??"]
[EventType "tourn"]
[EventRounds "9"]
[EventCountry "ESP"]
[EventCategory "18"]
[SourceTitle "CBM 047"]
[Source "ChessBase"]
[SourceDate "1995.08.01"]
[SourceVersion "1"]
[SourceVersionDate "1995.08.01"]
[SourceQuality "1"]

{Der "Remisangriff"} 1. e4 c5 2. Nf3 d6 3. d4 cxd4 4. Nxd4 Nf6 5. Nc3 Nc6 6.
Bg5 e6 7. Qd2 Be7 8. O-O-O O-O 9. f4 Nxd4 10. Qxd4 Qa5 11. Kb1 (11. Be2 Bd7 12.
e5 dxe5 13. fxe5 Bc6 14. Qf4 Nd5 15. Nxd5 Bxg5 16. Qxg5 Bxd5 17. a3 b5 18. Rd4
Rac8 19. Rg4 g6 20. Rh4 Qc7 $10 {Nevednichy,V-Hracek,Z Odorheiu zt (01) 1995
0-1 41 - CBM 47}) (11. e5 dxe5 12. Qxe5 Qxe5 13. fxe5 Nd5 14. Bxe7 Nxe7 15. Bd3
b6 16. Be4 Rb8 17. Rhe1 Ng6 18. Bxg6 hxg6 $14 {Short,N-Kramnik,V Riga Tal (11)
1995 1/2 32 - CBM 47}) 11... Rd8 (11... h6 $5 12. h4 e5 13. Qd3 exf4 14. Bxf4
Be6 15. Nd5 Nxd5 16. exd5 Bg4 17. Be2 Bxe2 18. Qxe2 Rfe8 19. Qg4 Qa4 $10 {
Shirov,A-Kamsky,G Buenos Aires Sicilian (03) 1994 1/2 48 - CBM 44}) 12. Bc4 (
12. Qd2 Qc7 13. Bd3 Bd7 14. Qe2 Bc6 15. Rhf1 h6 16. h4 d5 17. Bxf6 Bxf6 18. e5
Be7 19. f5 exf5 20. Rxf5 Qd7 21. Rxf7 $1 Qe6 $16 {Luther,T-Brenke,A Lippstadt 
(07) 1994 1-0 35 - CBM 43} (21... Kxf7 22. Qh5+ Kg8 23. Qg6 $18) (21... Kxf7
22. Qh5+ Kg8 23. Qg6 $18)) 12... Bd7 13. Bb3 Bc6 14. f5 $146 {Der weiße
Angriff führt nur zum remis.} (14. g4 Qc5 15. Qd3 d5 16. Bxf6 Bxf6 17. exd5
Bxc3 18. Qxc3 Qxc3 19. bxc3 exd5 20. Rd4 Rd7 21. Rhd1 Rad8 22. g5 {1/2 Shirov,
A-Anand,V Moscow Alekhine 1992}) 14... exf5 15. Rhf1 Bxe4 (15... fxe4 16. Bxf6
Bxf6 17. Rxf6 gxf6 18. Bd5 $1 Kg7 (18... Rd7 19. Nxe4 $18) (18... f5 19. Qf6
Qc7 20. Qg5+ Kf8 21. Qxf5 $40) (18... e3 19. Ne4 e2 20. Nxf6+ Kf8 21. Nxh7+ Kg8
(21... Ke7 22. Qe3+ Kd7 23. Qxe2 Bxd5 24. Rxd5 $16) 22. Nf6+ Kf8 $10) 19. Rf1
$16) 16. Nxe4 fxe4 17. Bxf6 Bxf6 18. Rxf6 $1 gxf6 19. Bd5 $1 {Nur so, die Q
muß auf a5 ausgesperrt bleiben.} e3 {Zwingt Weiß zum Dauerschach.} (19... Rd7
20. Qxe4 Qd8 21. Qf5 {/\ B e4 ->}) 20. Qxf6 Rf8 21. Qg5+ Kh8 22. Qf6+ Kg8 23.
Qg5+ 1/2-1/2

[Event "Linares 13th"]
[Site "Linares"]
[Date "1995.03.16"]
[Round "12"]
[White "Beliavsky, Alexander G"]
[Black "Shirov, Alexei"]
[Result "1/2-1/2"]
[WhiteElo "2650"]
[BlackElo "2710"]
[Annotator "Boensch,U"]
[PlyCount "67"]
[EventDate "1995.03.01"]
[EventType "tourn"]
[EventRounds "13"]
[EventCountry "ESP"]
[EventCategory "17"]
[SourceTitle "CBM 046"]
[Source "ChessBase"]
[SourceDate "1995.06.01"]
[SourceVersion "1"]
[SourceVersionDate "1995.06.01"]
[SourceQuality "1"]

1. e4 {Shirov} c5 2. Nf3 d6 3. d4 cxd4 4. Nxd4 Nf6 5. Nc3 Nc6 6. Bg5 e6 7. Qd2
a6 8. Be2 $5 {Das ist deutlich harmloser als die Hauptvariante 8.Qd2.} h6 (8...
Be7 9. O-O-O Nxd4 10. Qxd4 Qa5 11. Bxf6 gxf6 (11... Bxf6 $2 12. Qxd6 $16) 12.
Qa4+ Qxa4 13. Nxa4 Bd7 14. Nb6 Rd8 15. Nxd7 Kxd7 $10 {Dutreeuw,M-Van der Wiel,
J Antwerpen (06) 1993 1/2 56}) (8... Bd7 9. f4 (9. Nb3 Be7 10. O-O Qc7 11. Rad1
Rd8 12. Bxf6 Bxf6 13. Qxd6 Qxd6 14. Rxd6 Ke7 $44 {Meyers,V-Heinbuch,D Biel op 
(06) 1992 1-0 32}) 9... b5 10. Bf3 Rc8 11. e5 dxe5 12. Nxc6 Bxc6 13. Bxc6+ Rxc6
14. Qxd8+ Kxd8 15. fxe5 h6 16. O-O-O+ Kc8 17. Bxf6 gxf6 18. exf6 Rg8 $44 {
Renet,O-Fedorovic,J St Martin op (08) 1992 1/2 45}) 9. Bh4 Be7 (9... Bd7 10. f4
b5 (10... Qc7 11. Nf3 Rc8 12. O-O Be7 13. Rad1 O-O 14. Kh1 Rfd8 15. Bd3 Be8 16.
Qe2 Nh5 17. Bxe7 {1/2 Renet,O-Gulko,B St Martin op (06) 1992}) 11. Bf3 Rc8 12.
O-O-O b4 13. Nce2 Nxe4 14. Bxe4 Qxh4 15. Bxc6 Bxc6 16. Nxc6 Rxc6 17. Qxb4 Qd8
18. f5 $16 {Renet,O-Lerner,K Gausdal Troll (8) 1992 1/2 32}) 10. O-O-O (10. O-O
{Shirov} O-O 11. Rad1 Qb6 $10 {Meyers-Makarov,M/Leningrad/1989/}) 10... O-O 11.
f4 (11. Bxf6 $2 Bxf6 12. Nxc6 bxc6 13. Qxd6 Qb6 $17) 11... Nxd4 {Beide Spieler
machen noch einige plausible Züge und finden sich in einem Remisendspiel
wieder. So daß man sich fragen muß, ist die Stellung nach 11.Zügen bereits
remis?} (11... Qc7 {Shirov} 12. Nxc6 bxc6 13. Bxf6 gxf6 14. Rhf1 $13) 12. Qxd4
Nxe4 13. Nxe4 (13. Bxe7 $6 {Shirov} Nxc3 14. bxc3 Qxe7 15. Qxd6 Qxd6 16. Rxd6
b5 $15) 13... Bxh4 14. Nxd6 (14. Qxd6 {Shirov} Qxd6 15. Nxd6 b5 $10) 14... Qc7
15. Rd2 (15. Rd3 {Shirov} b5 16. Rhd1 Rb8 $13) 15... Rd8 16. Rhd1 Be7 17. Qe5 {
Weiß droht Nxf7.} (17. Qc4 {Shirov} Qxc4 18. Nxc4 Rxd2 19. Rxd2 b5 20. Bf3 (20.
Nb6 Rb8 $10) 20... Rb8 $1 (20... Ra7 $2 21. Nb6) 21. Ne5 Bf6 22. Nc6 Rb6 $132)
17... f6 18. Nb5 Qxc2+ $1 {Ohne diesen schönen Zug, stünde Schwarz schlecht.} (
18... Qb6 {Shirov} 19. Qc7 $1) (18... fxe5 {Shirov} 19. Nxc7 Rxd2 20. Kxd2 $1
Rb8 21. fxe5 Bd8 22. Ne8 $16) 19. Rxc2 (19. Kxc2 Rxd2+ 20. Rxd2 fxe5 21. Nc7
Rb8 (21... Ra7 {Shirov} 22. fxe5 b5 23. Ne8 Bb7 24. Bf3 Bxf3 25. gxf3 Ra8 $14)
22. fxe5 Bg5 $10) 19... Rxd1+ (19... fxe5 {Shirov} 20. Rxd8+ Bxd8 21. Nd6 Bd7
22. fxe5 Bg5+ 23. Kb1 Bf4 24. Rc7 Bc6 25. Bc4 Bxe5 26. Bxe6+ Kh7 27. Bf5+ $10)
20. Kxd1 fxe5 21. Nc7 Rb8 22. fxe5 Bg5 23. Bg4 Kf7 24. Nd5 {Der Nc7 könnte
auch einmal schlecht stehen, deshalb wickelt Beliavsky zum remis ab.} (24. Rf2+
$2 {Shirov} Ke7 25. Bh5 Bd7 $1 {xNc7}) 24... exd5 25. Bxc8 (25. Rxc8 Rxc8 26.
Bxc8 b6 27. Bxa6 Ke6 $10) 25... Bf4 26. e6+ (26. Rc7+ Ke8 27. Bxb7 Bxe5 28.
Bc6+ Kf8 $10) 26... Ke7 27. g3 Be5 28. Ke2 (28. b4 {Shirov} Kd6 $10) 28... Bxb2
29. Rc7+ (29. Rxb2 Rxc8 30. Rxb7+ Kxe6 31. Kd3 $10) 29... Kd6 30. e7 Kxc7 31.
e8=Q Rxc8 32. Qf7+ Kb8 33. Qxd5 Bf6 34. Kf3 1/2-1/2

[Event "Moscow5"]
[Site "Moscow"]
[Date "1991.??.??"]
[Round "?"]
[White "Lanka, Zigurds"]
[Black "Wessman, Richard"]
[Result "1-0"]
[WhiteElo "2505"]
[BlackElo "2460"]
[Annotator "Boensch,U"]
[PlyCount "61"]
[EventDate "1991.05.??"]
[EventType "tourn"]
[EventRounds "11"]
[EventCountry "URS"]
[EventCategory "10"]
[SourceTitle "CBM 026"]
[Source "ChessBase"]
[SourceDate "1992.02.01"]
[SourceVersion "1"]
[SourceVersionDate "1992.02.01"]
[SourceQuality "1"]

1. e4 {Boensch} c5 2. Nf3 Nc6 3. d4 cxd4 4. Nxd4 Nf6 5. Nc3 d6 6. Bg5 e6 7. Qd2
Be7 8. O-O-O O-O 9. f4 Nxd4 10. Qxd4 Qa5 11. Kb1 (11. Bc4 Bd7 12. e5 dxe5 13.
fxe5 Bc6 14. Bd2 Nd7 15. Nd5 Qc5 16. Nxe7+ Qxe7 17. Rhe1 Rfc8 18. Kb1 {N!
Ivanchuk-Garcia Ilundain Terrassa 1991}) 11... Rd8 12. Qd2 Kf8 $6 {N} (12...
Qc7 13. Qe1 (13. Bd3 Bd7 14. Qe2 Bc6 15. Rhf1 h6 16. h4 d5 17. e5 Ne4 $13 {
Khan-Suzuki Novi Sad ol 1990}) 13... a6 14. Bd3 h6 15. h4 Kf8 16. e5 dxe5 17.
fxe5 Nd7 18. Bf4 Nc5 19. Qe3 $14 {Lobron-Chiburdanidze Dortmund 1983}) 13. Bd3
h6 14. Bh4 (14. h4 $5) 14... b6 (14... d5 15. e5 $16) 15. g4 Bb7 (15... Nxg4
16. Bxe7+ Kxe7 17. Rhg1 $16) 16. Rhg1 Rac8 17. g5 hxg5 18. fxg5 Nd7 19. Rdf1
Ne5 20. Qf4 g6 (20... Rxc3 21. Be1 $18) 21. Be1 $1 Qc5 22. Bf2 Qa5 23. Bd4 $18
Ke8 24. Bb5+ Bc6 25. Bxe5 Bxb5 26. Qxf7+ Kd7 27. Rd1 Rc6 28. Bf6 Re8 29. e5 d5
30. Nxd5 exd5 31. Rxd5+ 1-0

[Event "Biel Credis"]
[Site "Biel"]
[Date "1996.??.??"]
[Round "9"]
[White "Rogers, Ian"]
[Black "Pelletier, Yannick"]
[Result "1-0"]
[WhiteElo "2575"]
[BlackElo "2440"]
[Annotator "Boensch,U"]
[PlyCount "69"]
[EventDate "1996.07.22"]
[EventType "tourn"]
[EventRounds "11"]
[EventCountry "SUI"]
[EventCategory "10"]
[SourceTitle "CBM 055"]
[Source "ChessBase"]
[SourceDate "1996.12.01"]
[SourceVersion "1"]
[SourceVersionDate "1996.12.01"]
[SourceQuality "1"]

1. e4 c5 2. Nf3 d6 3. d4 cxd4 4. Nxd4 Nf6 5. Nc3 Nc6 6. Bg5 e6 7. Qd2 Be7 8.
O-O-O O-O 9. f4 Nxd4 10. Qxd4 Qa5 11. Kb1 (11. Be2 Bd7 12. e5 dxe5 13. fxe5 Bc6
14. Qf4 Nd5 15. Nxd5 Bxg5 16. Qxg5 Bxd5 17. a3 b5 18. Rd4 Rac8 19. Rg4 g6 20.
Rh4 Qc7 $10 {Nevednichy,V-Hracek,Z Odorheiu zt (01) 1995 0-1 41 - CBM 47}) (11.
e5 dxe5 12. Qxe5 Qxe5 13. fxe5 Nd5 14. Bxe7 Nxe7 15. Bd3 b6 16. Be4 Rb8 17.
Rhe1 Ng6 18. Bxg6 hxg6 $14 {Short,N-Kramnik,V Riga Tal (11) 1995 1/2 32 - CBM
47}) (11. Bc4 {-Hauptvariante}) 11... Rd8 (11... h6 $5 12. h4 e5 13. Qd3 exf4
14. Bxf4 Be6 15. Nd5 Nxd5 16. exd5 Bg4 17. Be2 Bxe2 18. Qxe2 Rfe8 19. Qg4 Qa4
$10 {Shirov,A-Kamsky,G Buenos Aires Sicilian (03) 1994 1/2 48 - CBM 44}) 12.
Be2 (12. Qd2 Qc7 (12... Kf8 $6 13. Bd3 h6 14. Bh4 b6 15. g4 Bb7 16. Rhg1 Rac8
17. g5 hxg5 18. fxg5 Nd7 19. Rdf1 Ne5 20. Qf4 g6 21. Be1 $1 Qc5 22. Bf2 Qa5 23.
Bd4 $18 {1-0 Lanka,Z-Wessman,R/Moscow5 1991 (31)}) 13. Bd3 (13. Qe1 a6 14. Bd3
h6 15. h4 Kf8 16. e5 dxe5 17. fxe5 Nd7 18. Bf4 Nc5 19. Qe3 $14 {
Lobron-Chiburdanidze Dortmund 1983}) 13... Bd7 14. Qe2 Bc6 15. Rhf1 h6 16. h4
d5 17. Bxf6 Bxf6 18. e5 Be7 19. f5 exf5 20. Rxf5 Qd7 21. Rxf7 $1 Qe6 $16 {
Luther,T-Brenke,A Lippstadt (07) 1994 1-0 35 - CBM 43}) (12. Bc4 Bd7 13. Bb3
Bc6 14. f5 (14. g4 Qc5 15. Qd3 d5 16. Bxf6 Bxf6 17. exd5 Bxc3 18. Qxc3 Qxc3 19.
bxc3 exd5 20. Rd4 Rd7 21. Rhd1 Rad8 22. g5 {1/2 Shirov,A-Anand,V Moscow
Alekhine 1992}) 14... exf5 15. Rhf1 Bxe4 16. Nxe4 fxe4 17. Bxf6 Bxf6 18. Rxf6
$1 gxf6 19. Bd5 $1 e3 20. Qxf6 Rf8 21. Qg5+ Kh8 22. Qf6+ Kg8 23. Qg5+ {1/2-1/2
Illescas Cordoba,M-Shirov,A/Dos Hermanas (02) ;CBM 47 1995}) 12... h6 13. h4 e5
14. Qd3 $146 (14. Qe3 exf4 15. Bxf4 Be6 16. Bf3 Bf8 17. Qe1 Qa6 18. Be3 Rac8
19. Bd4 Nd7 20. Be2 Qc6 21. g4 $40 {Bologan,V-Kotronias,V/Chalkidiki (01) 1992/
1-0 (60)}) 14... exf4 (14... hxg5 $4 15. hxg5 g6 (15... Ng4 16. Bxg4 Bxg4 17.
Qg3 Bxd1 18. Qh3 f5 19. g6 $18) (15... Ne8 16. g4 exf4 17. Qh3 $18) 16. gxf6
Bxf6 17. Nd5 $18) 15. Bxf4 Be6 16. Nd5 Nxd5 17. exd5 Bd7 18. g4 Rac8 19. Bd2
Qb6 20. g5 g6 21. Rdf1 h5 (21... Bf5 22. Rxf5 gxf5 23. Qxf5 $18) 22. Be3 Qc7
23. Rxf7 $3 {Ein wundervolles Doppelturmopfer, nach dessen Annahme Schwarz in
allen Varianten verliert.} Kxf7 $2 {Der Nachziehende sollte besser seine
Chancen in dem folgenden schlechten Endspiel suchen. Aber dann kaemen wir um
den Genuss der vollstaendigen Kombination.} (23... Qxc2+ 24. Qxc2 Rxc2 25. Kxc2
Kxf7 26. Rf1+ Kg8 (26... Bf5+ 27. Bd3 $18) 27. Bd3 Be8 $16) 24. Rf1+ Bf5 $8 25.
Rxf5+ gxf5 26. Qxf5+ Kg8 27. Qe6+ Kf8 $8 28. Bd3 $1 {Ein stiller
Angriffs-verteidigungszug als Pointe.} Bxg5 (28... Qa5 29. c3 Qa4 30. Bh7 Qd1+
31. Bc1 $18) (28... Qd7 29. Qh6+ Kg8 30. Qh7+ Kf8 31. Qh8+ Kf7 32. g6#) (28...
Bf6 29. gxf6 Qf7 30. Bh6+ Kg8 31. Bh7+ $18) 29. Bxg5 Qf7 30. Bh6+ Kg8 31. Bh7+
$1 Kxh7 32. Qxf7+ Kxh6 33. Qxb7 {Der weissen P-walze am Q-fluegel kann Schwarz
nichts entgegensetzen.} Rg8 34. Qxa7 Rc5 35. b4 (35. b4 Rxd5 36. Qe3+ Kg7 37.
Qe7+ Kh8 38. Qf6+ Rg7 39. Qh6+ Kg8 40. Qe6+ $18) 1-0